00337 2200145 4500001002100000005001500021035002000036245004600056100001700102300000800119260003100127082000800158084001400166990001100180INLIS00000000000222820250527015621 a0010-05250005201 aBayar Utang Anda Sekarang /cJean Chataky0 aJean Chataky a202 aJakarta :bGramedia,c2006 a510 a510 JEA b a071554